000 00332nam a2200133Ia 4500
005 20260328104321.0
008 260328s9999||||xx |||||||||||||| ||und||
100 _aJodidio, Philip
245 0 _aContemporary American Architects /
_cPhilip Jodidio
260 _bTaschen
300 _a176 p.
650 _aARQUITECTURA
942 _cBK
999 _c11351
_d11351